<The> European Union: how does it work?

Saved in:
Bibliographic Details
Other Authors: Bomberg, Elizabeth, Stubb, Alexander
Format: Book
Language:English
Published: Oxford Oxford University Press 2003
Series:The new european union series
Subjects:
Tags: Add Tag
No Tags, Be the first to tag this record!

MARC

LEADER 00000nam$a2200000$$$4500
001 0018261
005 20240104133139.3
020 |a 0-19-924766-8 
041 0 |a eng 
044 |a GB 
245 1 0 |a <The> European Union: how does it work?  |c edited by Elizabeth Bomberg and Alexander Stubb 
264 1 |a Oxford  |b Oxford University Press  |c 2003 
300 |a 253 s. 
490 1 |a The new european union series 
830 0 |a The new european union series 
610 2 0 |a Európska únia 
610 2 0 |a spolupráca hospodárska medzinárodná 
610 2 0 |a Európa 
610 2 0 |a politika hospodárska medzinárodná 
610 2 0 |a koordinácia 
610 2 0 |a integrácia ekonomická medzinárodná 
700 1 |a Bomberg, Elizabeth 
700 1 |a Stubb, Alexander